Simulácia chodu lúčov v optických systémoch svietidiel

Guardado en:
Detalles Bibliográficos
Autor principal: Šufliarsky, Richard (Autor)
Otros Autores: Gašparovský, Dionýz, 1971- (Orientador)
Formato: Manuscrito Libro
Lenguaje:eslovaco
Publicado: Bratislava : STU v Bratislave FEI, 2001
Materias:
Etiquetas: Agregar Etiqueta
Sin Etiquetas, Sea el primero en etiquetar este registro!

MARC

LEADER 00000ntm a22000003a 4500
001 stu73436
005 20160719164813.1
008 020129s2001------------------------slo-d
040 |a STU  |b slo 
041 0 |a slo 
100 1 |a Šufliarsky, Richard  |4 aut 
245 1 |a Simulácia chodu lúčov v optických systémoch svietidiel 
260 |a Bratislava :  |b STU v Bratislave FEI,  |c 2001 
300 |a 67 s 
650 7 |a Elektroenergetické a silnoprúdové inžinierstvo  |2 stusub 
700 1 |a Gašparovský, Dionýz,  |d 1971-  |4 ths  |u E020  |U FEI Fakulta elektrotechniky a informatiky  |T FEI Ústav elektroenergetiky a aplikovanej elektrotechniky  |X 1935  |U E020  |Y 548  |7 A000001935